Представление документа в формате RUSMARC

Поле Инд. ПП Название Значение
Тип записи a
Библиографический уровень a
001 Контрольный номер 0266282a0ada4e89b7894c86ed03d004
005 Дата корректировки 20190404151003.3
100 a Данные общей обработки 20190404 ||| 0rusy0189 ca
101 0_ a Язык текста rus
102 a Страна публикации RU
200 1_ f Первые сведения об ответственности А. Эрделевский
a Заглавие О судебном подходе к независимой гарантии
b Общее обозначение материала Текст
210 1_ d Дата издания 2019
461 _0 1 2000
a Хозяйство и право
463 _0 1 2000
a № 3
v С. 70-73
1 2101
d 2019
1 001facead6a954440fb9d1b60fe6a69879b
606 a Основная рубрика Судебная практика
610 0_ a Ключевые слова ГРАЖДАНСКОЕ ПРАВО
a Ключевые слова ОБЕСПЕЧЕНИЕ ИСПОЛНЕНИЯ ОБЯЗАТЕЛЬСТВА
700 _1 a Фамилия Эрделевский
b Имя А.
801 _0 a Страна RU
b Организация РГУП
c Дата составления 20190404
g Правила каталогизации PSBO
801 _1 a Страна RU
b Организация РГУП
c Дата составления 20190404
g Правила каталогизации PSBO
901 t Тип документа b
w Контрольный № источника facead6a954440fb9d1b60fe6a69879b
905 a Дата ввода 20190404